| 000 | 01727nam a2200373 a 4500 | ||
|---|---|---|---|
| 001 | ebr10177962 | ||
| 003 | CaPaEBR | ||
| 006 | m u | ||
| 007 | cr cn||||||||| | ||
| 008 | 060228s2005 enka sb 001 0 eng | ||
| 010 | _z 2006272827 | ||
| 020 | _z9780199273157 (acid-free paper) | ||
| 020 | _z0199273154 (acid-free paper) | ||
| 040 |
_aCaPaEBR _cCaPaEBR |
||
| 035 | _a(OCoLC)139984611 | ||
| 050 | 1 | 4 |
_aPS159.S7 _bW66 2005eb |
| 082 | 0 | 4 |
_a810.9 _222 |
| 100 | 1 | _aWood, Sarah Florence. | |
| 245 | 1 | 0 |
_aQuixotic fictions of the USA, 1792-1815 _h[electronic resource] / _cSarah F. Wood. |
| 260 |
_aOxford ; _aNew York : _bOxford University Press, _c2005. |
||
| 300 |
_axiv, 295 p. : _bill. |
||
| 500 | _aBased on the author's thesis (doctoral) "Broken heads and bloated tales : Quixotic fictions of the USA, 1792-1815"--University of London, 2003. | ||
| 504 | _aIncludes bibliographical references (p. [245]-276) and index. | ||
| 533 |
_aElectronic reproduction. _bPalo Alto, Calif. : _cebrary, _d2013. _nAvailable via World Wide Web. _nAccess may be limited to ebrary affiliated libraries. |
||
| 600 | 1 | 0 |
_aCervantes Saavedra, Miguel de, _d1547-1616 _xInfluence. |
| 600 | 1 | 0 |
_aCervantes Saavedra, Miguel de, _d1547-1616. _tDon Quixote. |
| 650 | 0 |
_aAmerican literature _xSpanish influences. |
|
| 650 | 0 |
_aAmerican fiction _y19th century _xHistory and criticism. |
|
| 650 | 0 |
_aAmerican fiction _y18th century _xHistory and criticism. |
|
| 650 | 0 |
_aAmerican literature _y1783-1850 _xHistory and criticism. |
|
| 655 | 7 |
_aElectronic books. _2local |
|
| 710 | 2 | _aebrary, Inc. | |
| 856 | 4 | 0 |
_uhttp://site.ebrary.com/lib/rucke/Doc?id=10177962 _zAn electronic book accessible through the World Wide Web; click to view |
| 999 |
_c237266 _d237266 |
||